[Event "Reykjavik Open 2013"]
[Site "Reykjavik, Iceland"]
[Date "2013.02.24"]
[Round "7.48"]
[White "Rodriguez Fonseca, Jorge"]
[Black "Cubas Pons, Juan Miguel"]
[Result "0-1"]
[WhiteElo "2009"]
[BlackElo "2284"]
[PlyCount "56"]
[EventDate "2013.02.19"]

1. e4 e6 2. d3 d5 3. Nd2 Nf6 4. g3 b6 5. Bg2 Bc5 6. Ne2 Bxf2+ 7. Kxf2 Ng4+ 8.
Kg1 Ne3 9. Qe1 Nxc2 10. Qd1 Nxa1 11. e5 Ba6 12. Nf3 Qd7 13. Bf4 Qb5 14. Qxa1
Qxd3 15. Ned4 c5 16. Nb3 h6 17. h4 Nc6 18. Qc1 Nb4 19. Nxc5 bxc5 20. Qxc5 Qc4
21. Be3 Qxc5 22. Bxc5 Nd3 23. Bd6 Nxb2 24. Nd2 Rc8 25. Kh2 Rc2 26. Nb3 Nc4 27.
Nd4 Rxa2 28. Rb1 Nxd6 0-1

[Event "Reykjavik Open 2013"]
[Site "Reykjavik, Iceland"]
[Date "2013.02.24"]
[Round "7.49"]
[White "Tari, Aryan"]
[Black "Karlsson, Mikael Johann"]
[Result "1-0"]
[WhiteElo "2263"]
[BlackElo "1990"]
[PlyCount "83"]
[EventDate "2013.02.19"]

1. e4 c5 2. Nf3 Nc6 3. Nc3 a6 4. d4 cxd4 5. Nxd4 e6 6. Be2 Qb6 7. Nxc6 Qxc6 8.
O-O Bb4 9. Qd4 Bxc3 10. bxc3 Ne7 11. Qxg7 Rg8 12. Qxh7 Qxc3 13. Bh5 Rg7 14.
Qh8+ Ng8 15. Bg5 b5 16. Kh1 Bb7 17. Bh6 Kf8 18. Rad1 Bxe4 19. Bxg7+ Qxg7 20.
Qxg7+ Kxg7 21. Rxd7 Rf8 22. Ra7 Nf6 23. Be2 Bxc2 24. Rxa6 b4 25. Rc1 b3 26.
axb3 Bxb3 27. Ra3 Bd5 28. Rg3+ Kh6 29. Bf3 Ne4 30. Bxe4 Bxe4 31. Rc4 Bg6 32. h4
Rd8 33. Rf4 Rd5 34. Kh2 e5 35. Rb4 Rd2 36. f3 Rd6 37. Rg5 Re6 38. Rgg4 Bf5 39.
Rgc4 Rd6 40. g4 Rd2+ 41. Kg3 Bd3 42. Rc5 1-0

[Event "Reykjavik Open 2013"]
[Site "Reykjavik, Iceland"]
[Date "2013.02.24"]
[Round "7.50"]
[White "Pretterhofer, Kiaras"]
[Black "Borsos, Bogdan"]
[Result "0-1"]
[WhiteElo "1997"]
[BlackElo "2260"]
[PlyCount "46"]
[EventDate "2013.02.19"]

1. e4 c5 2. Nc3 e6 3. f4 d5 4. exd5 exd5 5. d4 Nf6 6. Nf3 Be7 7. Bb5+ Bd7 8.
Qe2 O-O 9. O-O cxd4 10. Nxd4 Bc5 11. Be3 Re8 12. Bxd7 Qxd7 13. Qd2 Ng4 14. Nd1
Nc6 15. c3 Re4 16. Nc2 Nxe3 17. Ndxe3 Rae8 18. Rae1 Qe7 19. Rf3 d4 20. cxd4
Nxd4 21. Nxd4 Bxd4 22. Kf2 Qh4+ 23. Ke2 Bxe3 0-1

[Event "Reykjavik Open 2013"]
[Site "Reykjavik, Iceland"]
[Date "2013.02.24"]
[Round "7.51"]
[White "Thompson, Ian D"]
[Black "Vigfusson, Vigfus"]
[Result "1-0"]
[WhiteElo "2260"]
[BlackElo "1985"]
[PlyCount "61"]
[EventDate "2013.02.19"]

1. c4 e6 2. Nc3 d5 3. d4 Nf6 4. Bg5 Be7 5. cxd5 exd5 6. e3 Nbd7 7. Bd3 O-O 8.
Nge2 Re8 9. O-O c6 10. Qc2 Nf8 11. f3 c5 12. b3 h6 13. Bh4 Ne6 14. Bb5 Bd7 15.
Bxd7 Qxd7 16. Qd3 Rac8 17. dxc5 Bxc5 18. Bf2 a6 19. Rad1 Red8 20. Kh1 b5 21.
Bh4 g5 22. Bg3 d4 23. Qf5 Nd5 24. Ne4 Qe7 25. Be5 Ng7 26. Nf6+ Nxf6 27. Qxf6
Qxf6 28. Bxf6 d3 29. Nd4 Rd6 30. Bxg7 f6 31. Nf5 1-0

[Event "Reykjavik Open 2013"]
[Site "Reykjavik, Iceland"]
[Date "2013.02.24"]
[Round "7.52"]
[White "Johannesson, Oliver"]
[Black "Beeke, Bob"]
[Result "0-1"]
[WhiteElo "1988"]
[BlackElo "2257"]
[PlyCount "120"]
[EventDate "2013.02.19"]

1. d4 d5 2. c4 c6 3. Nf3 Nf6 4. Nc3 e6 5. Bg5 h6 6. Bxf6 Qxf6 7. e3 Nd7 8. Bd3
dxc4 9. Bxc4 g6 10. O-O Bg7 11. e4 e5 12. d5 Nb6 13. Bb3 Bg4 14. Rc1 O-O 15. h3
Bxf3 16. Qxf3 Qxf3 17. gxf3 Rfd8 18. Rfd1 Bf6 19. dxc6 bxc6 20. Rxd8+ Rxd8 21.
Nd1 Rc8 22. Rc5 Rc7 23. Ne3 Kg7 24. Bd5 Na4 25. Rc2 Nxb2 26. Rxb2 cxd5 27. Nxd5
Rc1+ 28. Kg2 Ra1 29. Nc3 Bd8 30. Nd5 Bg5 31. Rc2 h5 32. Nb4 Bf4 33. Nc6 a6 34.
Na5 Rc1 35. Rb2 Rc5 36. Nb7 Rc6 37. Na5 Rc3 38. Nb3 Bg5 39. Kg3 Bf4+ 40. Kg2
Kh6 41. Na5 h4 42. Nb7 Kg7 43. Na5 Bc1 44. Re2 Kf6 45. Nb3 Bg5 46. Rb2 Kg7 47.
Na5 Bd8 48. Nb3 a5 49. Nd2 Bg5 50. Nb1 Rc5 51. Re2 Bc1 52. Kf1 Kf6 53. Nd2 a4
54. Nb1 Kg5 55. Kg2 a3 56. Re1 Rc2 57. Kf1 Kf4 58. Re2 Rc4 59. Kg2 f6 60. Re1
Rc2 0-1

[Event "Reykjavik Open 2013"]
[Site "Reykjavik, Iceland"]
[Date "2013.02.24"]
[Round "7.53"]
[White "Ofstad, Sigurd"]
[Black "Bird, Andrew"]
[Result "0-1"]
[WhiteElo "1985"]
[BlackElo "2223"]
[PlyCount "66"]
[EventDate "2013.02.19"]

1. f4 d5 2. Nf3 Bg4 3. e3 Nd7 4. h3 Bxf3 5. Qxf3 Ngf6 6. g4 e5 7. g5 Ne4 8. d3
Nd6 9. Qxd5 exf4 10. exf4 Qe7+ 11. Be2 O-O-O 12. Nc3 h6 13. Bd2 hxg5 14. fxg5
Ne5 15. Qg2 Nf5 16. O-O-O Qd7 17. Bf4 Bd6 18. Qf2 Kb8 19. d4 Ng6 20. Bxd6 Nxd6
21. h4 Qf5 22. Qg3 Nf4 23. Bg4 Nh5 24. Qg2 Qf4+ 25. Kb1 Ng3 26. Rh3 Qxg4 27.
Rxg3 Qxh4 28. Rg4 Qh2 29. Qf1 g6 30. Rg2 Qh3 31. Ne2 Nf5 32. Rd3 Ne3 33. Nf4
Qxg2 0-1

[Event "Reykjavik Open 2013"]
[Site "Reykjavik, Iceland"]
[Date "2013.02.24"]
[Round "7.54"]
[White "Halldorsson, Bragi"]
[Black "Karlsson, Robin"]
[Result "1-0"]
[WhiteElo "2180"]
[BlackElo "1980"]
[PlyCount "47"]
[EventDate "2013.02.19"]

1. d4 Nf6 2. c4 g6 3. Nf3 Bg7 4. g3 O-O 5. Bg2 d6 6. Nc3 Nc6 7. O-O a6 8. h3
Rb8 9. Be3 e5 10. Qd2 exd4 11. Nxd4 Ne5 12. b3 Be6 13. f4 Nc6 14. Bxc6 bxc6 15.
Nxc6 Qe8 16. Nxb8 Bxh3 17. Rf3 Ne4 18. Nxe4 Bxa1 19. Nf2 Bc8 20. Nxa6 Bxa6 21.
Bd4 Bxd4 22. Qxd4 Qxe2 23. Ng4 Qxf3 24. Nh6# 1-0

[Event "Reykjavik Open 2013"]
[Site "Reykjavik, Iceland"]
[Date "2013.02.24"]
[Round "7.55"]
[White "Ragnarsson, Dagur"]
[Black "Ornolfsson, Magnus P"]
[Result "1-0"]
[WhiteElo "1961"]
[BlackElo "2169"]
[PlyCount "69"]
[EventDate "2013.02.19"]

1. Nf3 d5 2. c4 e6 3. g3 Nf6 4. Bg2 c6 5. O-O Nbd7 6. d4 Bd6 7. Nc3 O-O 8. Nd2
dxc4 9. Nxc4 Bc7 10. e4 e5 11. d5 Nb6 12. Nxb6 Bg4 13. Qa4 axb6 14. Qb3 Qe7 15.
h3 Bh5 16. f4 b5 17. Be3 exf4 18. gxf4 b4 19. Na4 Nxe4 20. dxc6 bxc6 21. Rae1
Rfe8 22. Bf2 Qf6 23. Rxe4 Rxe4 24. Bxe4 Re8 25. Qd3 Qxf4 26. Re1 Rd8 27. Qe3
Qh2+ 28. Kf1 Bf4 29. Bg1 Qd2 30. Qxd2 Bxd2 31. Ra1 Rd6 32. Nc5 f5 33. Bc2 f4
34. Bb3+ Kf8 35. Ne6+ 1-0

[Event "Reykjavik Open 2013"]
[Site "Reykjavik, Iceland"]
[Date "2013.02.24"]
[Round "7.56"]
[White "Ingvason, Johann"]
[Black "Thorsteinsdottir, Hallgerdur"]
[Result "1-0"]
[WhiteElo "2148"]
[BlackElo "1960"]
[PlyCount "93"]
[EventDate "2013.02.19"]

1. e4 c6 2. d4 d5 3. Bd3 dxe4 4. Bxe4 Nf6 5. Bf3 Bf5 6. Ne2 e6 7. c4 Be7 8.
Nbc3 O-O 9. O-O Nbd7 10. h3 Nb6 11. b3 Qd7 12. a4 a5 13. Be3 Rfd8 14. g4 Bg6
15. Nf4 Bb4 16. Rc1 Qc7 17. Nxg6 hxg6 18. Qe2 Rd7 19. g5 Ne8 20. d5 exd5 21.
cxd5 Bxc3 22. dxc6 bxc6 23. Rxc3 Nd5 24. Bxd5 Rxd5 25. Rfc1 Qe7 26. Qf3 Nd6 27.
Rxc6 Rf5 28. Qd1 Rd8 29. Qd4 Ne4 30. Qxd8+ Qxd8 31. Rc8 Qxc8 32. Rxc8+ Kh7 33.
h4 f6 34. Rc4 Nd6 35. Rc5 fxg5 36. hxg5 Nb7 37. Rc6 Rd5 38. Kf1 Nd8 39. Rc5 Rf5
40. Ke2 Ne6 41. Rxf5 gxf5 42. Kd3 Kg6 43. Kc4 f4 44. Bb6 Kxg5 45. Bxa5 Kg4 46.
Bb6 Kf3 47. a5 1-0

[Event "Reykjavik Open 2013"]
[Site "Reykjavik, Iceland"]
[Date "2013.02.24"]
[Round "7.57"]
[White "Bjornes, Leif"]
[Black "Maack, Kjartan"]
[Result "0-1"]
[WhiteElo "1957"]
[BlackElo "2136"]
[PlyCount "78"]
[EventDate "2013.02.19"]

1. d4 e6 2. Nf3 f5 3. Bg5 Nf6 4. Nbd2 d5 5. e3 Bd6 6. Bd3 O-O 7. Ne5 Qe8 8.
Bxf6 gxf6 9. Nef3 e5 10. Be2 Kh8 11. Nh4 Rg8 12. c3 Nc6 13. Nb3 Be6 14. Qc2 Ne7
15. O-O-O a5 16. g3 b5 17. Kb1 Qd7 18. f4 e4 19. Rc1 Rgb8 20. Rhd1 Nc8 21. Ng2
Nb6 22. Nd2 Nc4 23. Nxc4 bxc4 24. Ka1 Rb6 25. Rb1 Rab8 26. Rd2 Rb3 27. Qc1 Qe8
28. Bd1 R3b6 29. Ne1 Bd7 30. Rg2 Ba4 31. Bxa4 Qxa4 32. Qc2 Qd7 33. Qc1 a4 34.
Rc2 Qb5 35. Qd2 Qa5 36. Rcc1 a3 37. Rc2 R8b7 38. Ng2 axb2+ 39. Rcxb2 Qxa2+ 0-1

[Event "Reykjavik Open 2013"]
[Site "Reykjavik, Iceland"]
[Date "2013.02.24"]
[Round "7.58"]
[White "Helin, Mikael"]
[Black "Newrkla, Katharina"]
[Result "0-1"]
[WhiteElo "1910"]
[BlackElo "2135"]
[PlyCount "122"]
[EventDate "2013.02.19"]

1. e4 c5 2. Nc3 d6 3. g3 Nc6 4. Bg2 g6 5. d3 Bg7 6. Nge2 Rb8 7. O-O e6 8. f4
Nge7 9. g4 f5 10. h3 O-O 11. Ng3 Nd4 12. exf5 exf5 13. g5 Bd7 14. Nge2 Bc6 15.
Nxd4 cxd4 16. Ne2 Qb6 17. h4 Rbc8 18. Rf2 Rfe8 19. c3 dxc3 20. bxc3 Bxg2 21.
Kxg2 Nd5 22. Qb3 Qxb3 23. axb3 Nxc3 24. Nxc3 Rxc3 25. Bb2 Rxd3 26. Rxa7 Rxb3
27. Bxg7 Kxg7 28. Rc2 Re7 29. Rd2 Rc7 30. Ra4 Rd7 31. Rad4 Rb6 32. Kf2 Rc6 33.
Kg2 Kf7 34. Kf2 b5 35. Kg3 Rb6 36. Rb4 Ke6 37. h5 gxh5 38. Kf3 Rc7 39. Rb3 b4
40. Rdb2 Rc4 41. Re3+ Kf7 42. Kg3 Ra6 43. Kh4 Rxf4+ 44. Kxh5 Ra1 45. Rh2 Ra3
46. Re1 b3 47. Kh6 Raa4 48. Reh1 Rg4 49. Rh5 b2 50. Rb1 Rg2 51. Kxh7 Ra1 52.
g6+ Kf6 53. Rxb2 Rxb2 54. Rh6 Rg2 55. g7+ Kf7 56. g8=Q+ Rxg8 57. Rh5 Rg7+ 58.
Kh6 Rg6+ 59. Kh7 Kf6 60. Rh3 Ra7+ 61. Kh8 Ra8+ 0-1

[Event "Reykjavik Open 2013"]
[Site "Reykjavik, Iceland"]
[Date "2013.02.24"]
[Round "7.60"]
[White "Palsson, Halldor"]
[Black "Klug, Christian"]
[Result "1-0"]
[WhiteElo "2078"]
[BlackElo "1894"]
[PlyCount "89"]
[EventDate "2013.02.19"]

1. e4 e5 2. Nf3 Nc6 3. Nc3 Nf6 4. Bc4 Be7 5. d3 d6 6. a3 Bg4 7. h3 Bh5 8. g4
Bg6 9. Be3 a6 10. Qd2 Na5 11. Ba2 c5 12. g5 Nh5 13. Nd5 Nc6 14. Nh4 Nd4 15.
O-O-O Ne6 16. Rhg1 b5 17. Nf5 Bf8 18. Rdf1 Nc7 19. f4 Nxd5 20. Bxd5 Rc8 21.
fxe5 dxe5 22. Nh4 Bd6 23. Nxg6 fxg6 24. Rf7 Rc7 25. Rgf1 Rxf7 26. Rxf7 Rf8 27.
Qf2 Nf4 28. Bxf4 Rxf7 29. Bxf7+ Kxf7 30. Bxe5+ Ke6 31. Bxd6 Qxd6 32. Qf3 Qe5
33. Qg4+ Ke7 34. Kb1 c4 35. dxc4 bxc4 36. Qe2 Qd4 37. c3 Qc5 38. Qd2 Qg1+ 39.
Ka2 Qb6 40. Qd4 Qb5 41. Qxg7+ Ke8 42. Qg8+ Ke7 43. Qxh7+ Kf8 44. Qh8+ Kf7 45.
Qf6+ 1-0

[Event "Reykjavik Open 2013"]
[Site "Reykjavik, Iceland"]
[Date "2013.02.24"]
[Round "7.62"]
[White "Finnbogadottir, Tinna Kristin"]
[Black "Mihajlov, Svetoslav"]
[Result "1/2-1/2"]
[WhiteElo "1871"]
[BlackElo "2071"]
[PlyCount "91"]
[EventDate "2013.02.19"]

1. e4 e5 2. Nf3 Nc6 3. Bc4 Bc5 4. c3 Nf6 5. d4 exd4 6. e5 d5 7. Bb5 Ne4 8. cxd4
Bb6 9. O-O O-O 10. Nc3 Bg4 11. Bxc6 bxc6 12. Qc2 Bxf3 13. gxf3 Ng5 14. Qf5 Ne6
15. Ne2 Nxd4 16. Nxd4 Bxd4 17. Kh1 Qc8 18. Qh5 f6 19. Rg1 Kh8 20. Rg4 g6 21.
Qh6 Bxe5 22. Rh4 Rf7 23. Qxg6 Qd7 24. Qc2 Rg8 25. Bh6 Bd6 26. Rd1 Qe8 27. Be3
Re7 28. a4 Rg6 29. Rg1 Rxg1+ 30. Kxg1 c5 31. Qf5 Rg7+ 32. Kf1 d4 33. Bh6 Rg6
34. Bd2 Qg8 35. Qd3 Rg1+ 36. Ke2 Qf7 37. Qb5 f5 38. Kd3 Kg7 39. a5 Qd5 40. Qd7+
Kf6 41. Qd8+ Kg7 42. Qd7+ Kg8 43. Qd8+ Kg7 44. Qd7+ Kg8 45. Qd8+ Kg7 46. Qd7+
1/2-1/2

[Event "Reykjavik Open 2013"]
[Site "Reykjavik, Iceland"]
[Date "2013.02.24"]
[Round "7.64"]
[White "Heerde, Thomas"]
[Black "Hardarson, Jon Trausti"]
[Result "0-1"]
[WhiteElo "2053"]
[BlackElo "1853"]
[PlyCount "64"]
[EventDate "2013.02.19"]

1. Nf3 Nf6 2. g3 d5 3. Bg2 c6 4. O-O Bg4 5. d3 Nbd7 6. Nbd2 e5 7. h3 Bh5 8. e4
dxe4 9. dxe4 Bc5 10. Qe1 O-O 11. Nc4 Bxf3 12. Bxf3 Qe7 13. Bg5 Qe6 14. Ne3 Qxh3
15. Rd1 h6 16. Bxf6 Nxf6 17. Rd3 Rfd8 18. Rb3 b6 19. Qe2 Rd7 20. a4 Rad8 21.
Bg2 Qe6 22. Qa6 g6 23. Bf3 Kg7 24. Re1 h5 25. Re2 h4 26. gxh4 Qh3 27. Bg2 Qxh4
28. Qc4 Rd4 29. Qa6 Nxe4 30. Qxa7 Rd1+ 31. Bf1 Rh8 32. Nf5+ gxf5 0-1

[Event "Reykjavik Open 2013"]
[Site "Reykjavik, Iceland"]
[Date "2013.02.24"]
[Round "7.65"]
[White "Hyotyla, Tapio"]
[Black "Ragnarsson, Johann"]
[Result "0-1"]
[WhiteElo "1792"]
[BlackElo "2046"]
[PlyCount "96"]
[EventDate "2013.02.19"]

1. d4 d5 2. c4 e6 3. Nc3 c6 4. e3 Bd6 5. Bd3 Nd7 6. Nf3 f5 7. Bd2 Ngf6 8. Qe2
b6 9. cxd5 cxd5 10. Rc1 a6 11. O-O O-O 12. Na4 Ne4 13. Rc2 b5 14. Nc3 g5 15.
Rfc1 g4 16. Bxe4 dxe4 17. Ne1 b4 18. Nxe4 fxe4 19. Qxg4+ Kh8 20. Qxe4 Rb8 21.
f4 Nf6 22. Qd3 Bb7 23. Qe2 Be4 24. Rc4 Nd5 25. Nd3 Nb6 26. Nc5 Nxc4 27. Nxe6
Qe8 28. Nxf8 Nxd2 29. Nxh7 Kxh7 30. Qxd2 Rc8 31. g4 Rxc1+ 32. Qxc1 Qc6 33. Qxc6
Bxc6 34. h4 a5 35. Kf2 Bd5 36. Ke2 Be4 37. Kd2 Kg6 38. Ke2 Kf7 39. Kd2 a4 40.
Ke2 Bb1 41. Kd2 Bxa2 42. Kc2 Bd5 43. Kd3 a3 44. bxa3 bxa3 45. Kc2 a2 46. Kb2
Ba3+ 47. Ka1 Bb4 48. Kb2 Bc3+ 0-1

[Event "Reykjavik Open 2013"]
[Site "Reykjavik, Iceland"]
[Date "2013.02.24"]
[Round "7.66"]
[White "Thorgeirsson, Jon Kristinn"]
[Black "Doell, Detlef"]
[Result "1-0"]
[WhiteElo "1766"]
[BlackElo "2044"]
[PlyCount "65"]
[EventDate "2013.02.19"]

1. e4 c5 2. Nf3 d6 3. d4 cxd4 4. Nxd4 Nf6 5. Nc3 a6 6. Be2 e5 7. Nb3 Be7 8. Be3
Be6 9. Qd2 Nbd7 10. O-O-O Rc8 11. f3 b5 12. Rdg1 Nb6 13. Kb1 Bc4 14. g4 b4 15.
Nd1 Bxe2 16. Qxe2 Nc4 17. h4 a5 18. h5 Nd7 19. g5 f6 20. g6 h6 21. Qd3 Ndb6 22.
Bxb6 Qxb6 23. Nd2 Qc5 24. Nxc4 Qxc4 25. Qxc4 Rxc4 26. Ne3 Rc6 27. Rd1 O-O 28.
Nf5 Re8 29. Rd5 Kf8 30. Rxa5 Rec8 31. Ra7 R6c7 32. Rxc7 Rxc7 33. Rd1 1-0

[Event "Reykjavik Open 2013"]
[Site "Reykjavik, Iceland"]
[Date "2013.02.24"]
[Round "7.67"]
[White "Thorsteinsdottir, Gudlaug"]
[Black "Hojgaard, Brandur"]
[Result "1-0"]
[WhiteElo "2041"]
[BlackElo "1734"]
[PlyCount "45"]
[EventDate "2013.02.19"]

1. d4 d5 2. c4 e6 3. Nc3 Nf6 4. Bg5 Be7 5. Nf3 Nbd7 6. e3 c6 7. Rc1 O-O 8. Bd3
dxc4 9. Bxc4 b6 10. O-O Bb7 11. e4 h6 12. Bf4 Nh7 13. Re1 Ng5 14. e5 Nxf3+ 15.
Qxf3 Bb4 16. Bd3 f5 17. exf6 Qxf6 18. g3 Rad8 19. Qe4 Rfe8 20. h4 Ba8 21. Re3
Kf8 22. Be5 Qf5 23. Rf3 1-0

[Event "Reykjavik Open 2013"]
[Site "Reykjavik, Iceland"]
[Date "2013.02.24"]
[Round "7.68"]
[White "Ptacnikova, Lenka"]
[Black "Herda, Christoph"]
[Result "1-0"]
[WhiteElo "2269"]
[BlackElo "1915"]
[PlyCount "33"]
[EventDate "2013.02.19"]

1. e4 d5 2. exd5 Qxd5 3. Nc3 Qa5 4. d4 Nf6 5. Nf3 Bf5 6. Bd2 c6 7. Bc4 e6 8.
Qe2 Bb4 9. O-O-O Nbd7 10. Ne5 Nxe5 11. dxe5 Nd5 12. Ne4 Bxe4 13. Qxe4 Bxd2+ 14.
Rxd2 O-O 15. Rd3 Rad8 16. Ra3 Qb4 17. Bxd5 1-0

[Event "Reykjavik Open 2013"]
[Site "Reykjavik, Iceland"]
[Date "2013.02.24"]
[Round "7.69"]
[White "Leimeister, Winfried"]
[Black "Valenti, Giuseppe"]
[Result "0-1"]
[WhiteElo "1909"]
[BlackElo "2204"]
[PlyCount "52"]
[EventDate "2013.02.19"]

1. d3 d6 2. g3 Nf6 3. Bg2 c6 4. Nf3 g6 5. O-O Bg7 6. e4 O-O 7. Nbd2 Nbd7 8. c3
Qc7 9. Re1 b6 10. d4 Ne8 11. Nc4 b5 12. Ne3 e5 13. Ng4 Nef6 14. Nh6+ Kh8 15. g4
Nb6 16. h3 Ng8 17. g5 Nxh6 18. gxh6 Bf6 19. Ng5 Qe7 20. h4 Kg8 21. f4 Bh8 22.
h5 Bf6 23. Nh3 Kh8 24. Rf1 exd4 25. cxd4 Bxh3 26. e5 Bxg2 0-1

[Event "Reykjavik Open 2013"]
[Site "Reykjavik, Iceland"]
[Date "2013.02.24"]
[Round "7.70"]
[White "Johansen, Stian"]
[Black "Fivelstad, Jon Olav"]
[Result "1-0"]
[WhiteElo "2090"]
[BlackElo "1888"]
[PlyCount "81"]
[EventDate "2013.02.19"]

1. d4 Nf6 2. c4 g6 3. Nc3 Bg7 4. e4 d6 5. f4 O-O 6. Nf3 c5 7. d5 e6 8. Be2 exd5
9. cxd5 Re8 10. e5 dxe5 11. fxe5 Ng4 12. e6 fxe6 13. d6 Bd7 14. Ng5 Ne5 15. O-O
a6 16. a4 Nbc6 17. Nge4 h6 18. Nxc5 Nd4 19. N5e4 Rf8 20. Rxf8+ Qxf8 21. Be3
Nec6 22. Kh1 Qf5 23. Bd3 Qe5 24. Bf2 Rf8 25. Bg3 Qa5 26. Qg4 g5 27. h4 Ne5 28.
Bxe5 Qxe5 29. hxg5 Rf4 30. Qh3 Nf5 31. g3 Rf3 32. gxh6 Rxd3 33. hxg7 Qxg7 34.
Kh2 Bc6 35. Re1 Nd4 36. Rf1 Nf3+ 37. Kg2 Ng5 38. Qg4 Rd2+ 39. Kg1 Qd4+ 40. Rf2
Bxe4 41. Qxg5+ 1-0

[Event "Reykjavik Open 2013"]
[Site "Reykjavik, Iceland"]
[Date "2013.02.24"]
[Round "7.71"]
[White "Maggason, Oskar"]
[Black "Raddatz, Michael"]
[Result "0-1"]
[WhiteElo "1903"]
[BlackElo "2075"]
[PlyCount "64"]
[EventDate "2013.02.19"]

1. d4 Nf6 2. c4 g6 3. Nf3 Bg7 4. Nc3 d5 5. e3 O-O 6. Bd3 a6 7. O-O dxc4 8. Bxc4
b5 9. Bb3 Bb7 10. Bd2 Nbd7 11. Rc1 Rc8 12. a4 b4 13. Ne2 a5 14. Ng3 c5 15. Qe2
Qb6 16. Rfd1 Ne8 17. Be1 Nd6 18. d5 Ba6 19. Bc4 Bxc4 20. Rxc4 Nxc4 21. Qxc4
Bxb2 22. e4 Qd6 23. Bd2 Nb6 24. Qc2 Bg7 25. Qc1 c4 26. Bf4 Qd7 27. Bh6 c3 28.
Nh5 gxh5 29. Bxg7 c2 30. Ne5 cxd1=Q+ 31. Qxd1 Qxa4 32. Qxa4 Rc1+ 0-1

[Event "Reykjavik Open 2013"]
[Site "Reykjavik, Iceland"]
[Date "2013.02.24"]
[Round "7.72"]
[White "Eliasson, Kristjan Orn"]
[Black "Gunnarsson, Sigurdur Jon"]
[Result "1-0"]
[WhiteElo "1873"]
[BlackElo "2000"]
[PlyCount "79"]
[EventDate "2013.02.19"]

1. e4 c5 2. Nf3 Nc6 3. d4 cxd4 4. Nxd4 g6 5. Nxc6 bxc6 6. Qd4 Nf6 7. e5 Nd5 8.
e6 f6 9. c4 Nb6 10. c5 Nd5 11. exd7+ Bxd7 12. Bc4 e5 13. Qd1 Qa5+ 14. Nd2 Qxc5
15. O-O Bg7 16. Qb3 Be6 17. Ne4 Qe7 18. Bd2 O-O 19. a3 Bf7 20. Rac1 Rab8 21.
Qa2 h6 22. Rc2 f5 23. Nc3 Rfd8 24. Rfc1 Nb6 25. Bxf7+ Qxf7 26. Qxf7+ Kxf7 27.
Nb1 Nd5 28. b4 Ne7 29. Kf1 Rd7 30. Ke2 Rbd8 31. Be3 f4 32. Bc5 Nf5 33. f3 g5
34. Bf2 Nd4+ 35. Bxd4 exd4 36. Kd3 Re8 37. Rxc6 Re3+ 38. Kc4 Re2 39. g3 fxg3
40. hxg3 1-0

[Event "Reykjavik Open 2013"]
[Site "Reykjavik, Iceland"]
[Date "2013.02.24"]
[Round "7.73"]
[White "Andreasen, Jakup A.R"]
[Black "Johannsdottir, Johanna Bjorg"]
[Result "1-0"]
[WhiteElo "1992"]
[BlackElo "1872"]
[PlyCount "79"]
[EventDate "2013.02.19"]

1. d4 d5 2. Nf3 Nf6 3. g3 Bf5 4. c4 e6 5. Bg2 Nbd7 6. Nc3 c6 7. Qb3 Qc8 8. Bf4
Be7 9. Rc1 Nb6 10. cxd5 Nbxd5 11. Be5 O-O 12. Nh4 Bg6 13. Nxg6 hxg6 14. e4 Nb4
15. Ne2 a5 16. a3 Na6 17. O-O Qd7 18. Rfd1 g5 19. d5 Nc5 20. Qc2 exd5 21. Bxf6
gxf6 22. exd5 cxd5 23. Rxd5 Qe6 24. Nd4 Qb6 25. Nf5 Rfe8 26. Nxe7+ Rxe7 27.
Rxc5 Kg7 28. Qc3 Kh6 29. Rc2 Rae8 30. Bf3 Re1+ 31. Kg2 Qe6 32. Qc4 Qd6 33. Qxf7
R1e7 34. Qd5 Qb8 35. Qd4 Kg6 36. Rxa5 Rd8 37. Rd5 Rh8 38. Be4+ Kf7 39. Rd7 Qe8
40. Rcc7 1-0

[Event "Reykjavik Open 2013"]
[Site "Reykjavik, Iceland"]
[Date "2013.02.24"]
[Round "7.74"]
[White "Johansen, Arnt-Ole"]
[Black "Sverrisson, Nokkvi"]
[Result "0-1"]
[WhiteElo "1817"]
[BlackElo "1990"]
[PlyCount "60"]
[EventDate "2013.02.19"]

1. Nf3 c5 2. c4 Nf6 3. Nc3 Nc6 4. g3 g6 5. Bg2 Bg7 6. O-O d6 7. d4 cxd4 8. Nxd4
Bd7 9. b3 Nxd4 10. Qxd4 Bc6 11. e4 O-O 12. Qe3 Nxe4 13. Bxe4 Bxe4 14. Qxe4 Bxc3
15. Bh6 Bxa1 16. Bxf8 Kxf8 17. Rxa1 Qd7 18. Re1 f6 19. h4 Re8 20. Qe3 b6 21.
Qh6+ Kg8 22. h5 Qh3 23. Re4 g5 24. Re3 Qf5 25. Kg2 d5 26. cxd5 Qxd5+ 27. Kh3
Qh1+ 28. Kg4 Qd1+ 29. Kh3 Qd2 30. Rf3 g4+ 0-1

[Event "Reykjavik Open 2013"]
[Site "Reykjavik, Iceland"]
[Date "2013.02.24"]
[Round "7.75"]
[White "Newrkla, Alexander"]
[Black "Bauza Mercere, Eduardo"]
[Result "1-0"]
[WhiteElo "1969"]
[BlackElo "1809"]
[PlyCount "35"]
[EventDate "2013.02.19"]

1. e4 c5 2. d4 cxd4 3. c3 dxc3 4. Nxc3 Nc6 5. Nf3 d6 6. Bc4 e6 7. O-O a6 8. Qe2
Bd7 9. Rd1 Qc7 10. Bf4 Rc8 11. Rac1 Be7 12. Bb3 Qb8 13. e5 d5 14. Bxd5 exd5 15.
e6 Qxf4 16. exd7+ Kxd7 17. Nxd5 Nd4 18. Nxf4 1-0

[Event "Reykjavik Open 2013"]
[Site "Reykjavik, Iceland"]
[Date "2013.02.24"]
[Round "7.76"]
[White "Birgisson, Ingvar Orn"]
[Black "Kristinardottir, Elsa Maria"]
[Result "1-0"]
[WhiteElo "1953"]
[BlackElo "1747"]
[PlyCount "101"]
[EventDate "2013.02.19"]

1. e4 c6 2. d4 d5 3. exd5 cxd5 4. Bd3 Nc6 5. c3 Nf6 6. Bf4 e6 7. Qb3 Nh5 8. Bg3
Bd6 9. Nf3 Nf4 10. Bxf4 Bxf4 11. g3 Bd6 12. Nbd2 a6 13. O-O b5 14. Rfe1 O-O 15.
Rac1 Na5 16. Qc2 Nc4 17. Bxh7+ Kh8 18. Bd3 f5 19. Bxc4 dxc4 20. Ne5 Rf6 21. Qd1
Qe8 22. f4 Bb7 23. Ndf3 Rh6 24. Ng5 Bxe5 25. Rxe5 Qc6 26. d5 exd5 27. Qd4 Rf6
28. Rce1 Raf8 29. Re7 Qb6 30. Qxb6 Rxb6 31. Ne6 Rg8 32. Nd4 g6 33. Rd7 Rg7 34.
Re8+ Kh7 35. Rdd8 Rf7 36. Rg8 Rd7 37. Rxg6 Kxg6 38. Rxd7 b4 39. cxb4 Rxb4 40.
b3 cxb3 41. Nxb3 Kh5 42. Rh7+ Kg6 43. Re7 Kf6 44. Rd7 Kg6 45. Kf2 Rb5 46. Rd6+
Kh5 47. h3 a5 48. Nd4 Rb2+ 49. Kf3 Bc8 50. Nxf5 Bxf5 51. g4+ 1-0

[Event "Reykjavik Open 2013"]
[Site "Reykjavik, Iceland"]
[Date "2013.02.24"]
[Round "7.77"]
[White "Johannsson, Orn Leo"]
[Black "Davidsdottir, Nansy"]
[Result "1-0"]
[WhiteElo "1953"]
[BlackElo "1479"]
[PlyCount "61"]
[EventDate "2013.02.19"]

1. d4 Nf6 2. Nf3 e6 3. e3 d5 4. Bd3 Nbd7 5. b3 c5 6. Bb2 Be7 7. Nbd2 O-O 8. O-O
b6 9. Ne5 Qc7 10. f4 a6 11. a4 cxd4 12. exd4 Bb7 13. Qf3 Rac8 14. c3 h6 15.
Rae1 Nh7 16. Qh3 Nhf6 17. f5 exf5 18. Nxd7 Qxd7 19. Bxf5 Qd6 20. Bxc8 Bxc8 21.
Qf3 Bg4 22. Qf4 Qd7 23. Nf3 Bd6 24. Ne5 Qc7 25. Qg3 Kh8 26. Qh4 Be6 27. Rxf6
gxf6 28. Qxh6+ Kg8 29. Re3 Bxe5 30. dxe5 Bf5 31. exf6 1-0

[Event "Reykjavik Open 2013"]
[Site "Reykjavik, Iceland"]
[Date "2013.02.24"]
[Round "7.80"]
[White "Bakkes, Frits"]
[Black "Knútsson, Lárus"]
[Result "0-1"]
[WhiteElo "1750"]
[BlackElo "2072"]
[PlyCount "78"]
[EventDate "2013.02.19"]

1. d4 Nf6 2. Nc3 d5 3. e4 Nxe4 4. Nxe4 dxe4 5. f3 exf3 6. Nxf3 Nd7 7. Bc4 Nf6
8. O-O e6 9. Qe1 Be7 10. Bg5 O-O 11. Rd1 c6 12. Bd3 h6 13. Qh4 Nd5 14. Bxe7
Qxe7 15. Qe4 Nf6 16. Qh4 b6 17. g4 Nd5 18. g5 f5 19. gxf6 Qxf6 20. Qe4 Qf5 21.
Qh4 Qf4 22. Qxf4 Rxf4 23. Ne5 Bb7 24. Rxf4 Nxf4 25. Be4 Rc8 26. Rf1 g5 27. c3
Rc7 28. Rf3 c5 29. Bxb7 Rxb7 30. h4 cxd4 31. hxg5 hxg5 32. Kf2 dxc3 33. Rxc3
Kg7 34. Kf3 Kf6 35. Ng4+ Kf5 36. Ne3+ Kg6 37. Rc8 Rf7 38. Kg4 Nd3 39. b3 Ne5+
0-1